000 00531nam a2200217 a 4500
999 _c4385
_d4385
001 4385
003 BD-JhCC
005 20171128195149.0
008 171126s1964 enk |||| ||a| 00| 0 eng d
035 _a(BD-JhCC)4385
040 _aBD-JhCC
_dBD-JhCC
041 _aeng
082 _a822.33
_bWOO 1964
100 _aWood, E. R.
245 _aHobson's Choice /
_cE. R. Wood
260 _aLondon :
_bHeinemann Educational Books Ltd,
_c1964.
300 _a82 p. :
_c18 cm.
650 _aDrama
942 _2ddc
_cBK